00607nam a2200205Ia 450000500170000000800410001704000180005804100080007608200160008410000230010024500670012325000120019026000580020230000240026065000210028465000190030565000310032465000250035570000210038020230712104744.0210716s1984 xx 000 0 und d cAIMIT LIBRARY aeng a005.43 KOCS aKochan, Stephen G. aExploring the unix system /cBy Stephen G and Wood, Patrick M. a1st ed. aNew Delhi :bCBS Publishers and Distributors ,c1984. a367 p.;bPBc25 cm. aUnix file system aold shell game aAdministrating your system aOverview of commands aWood, Patrick H.